LIBRARY ONLINE CATALOGUE

Engaging the soul of youth culture : (Record no. 21762)

MARC details
000 -LEADER
fixed length control field 01796cam a22003734a 4500
001 - CONTROL NUMBER
control field 14131258
003 - CONTROL NUMBER IDENTIFIER
control field OSt
005 - DATE AND TIME OF LATEST TRANSACTION
control field 20260702124220.0
008 - FIXED-LENGTH DATA ELEMENTS--GENERAL INFORMATION
fixed length control field 051004s2006 ilua b 001 0 eng
010 ## - LIBRARY OF CONGRESS CONTROL NUMBER
LC control number 2005028721
035 ## - SYSTEM CONTROL NUMBER
System control number 14131258
040 ## - CATALOGING SOURCE
Original cataloging agency DLC
Transcribing agency DLC
Modifying agency DLC
042 ## - AUTHENTICATION CODE
Authentication code pcc
050 00 - LIBRARY OF CONGRESS CALL NUMBER
Classification number BV4531.3
Item number .M84 2006
082 00 - DEWEY DECIMAL CLASSIFICATION NUMBER
Classification number 259/.23
Edition number 22
100 1# - MAIN ENTRY--PERSONAL NAME
Personal name Mueller, Walt,
Dates associated with a name 1956-
245 10 - TITLE STATEMENT
Title Engaging the soul of youth culture :
Remainder of title bridging teen worldviews and Christian truth /
Statement of responsibility, etc. Walt Mueller.
260 ## - PUBLICATION, DISTRIBUTION, ETC. (IMPRINT)
Place of publication, distribution, etc. Downers Grove, Ill. :
Name of publisher, distributor, etc. InterVarsity Press,
Date of publication, distribution, etc. c2006.
300 ## - PHYSICAL DESCRIPTION
Extent 239 p. :
Other physical details ill. ;
Dimensions 24 cm.
336 ## - CONTENT TYPE
Content type term text
Content type code txt
Source rdacontent
337 ## - MEDIA TYPE
Media type term unmediated
Media type code n
Source rdamedia
338 ## - CARRIER TYPE
Carrier type term volume
Carrier type code nc
Source rdacarrier
504 ## - BIBLIOGRAPHY, ETC. NOTE
Bibliography, etc Includes bibliographical references and index.
505 0# - FORMATTED CONTENTS NOTE
Formatted contents note Reality bytes: snapshots of a crying and dying culture -- There's something happenin' here -- Postmodernism: a worldview without a center -- Welcome to their jungle -- Understanding culture -- Understanding our place in culture -- Getting out of the bunker -- Marks of the twenty-first-century messenger -- Paul's Mars Hill ministry for today -- Will we listen?
583 ## - ACTION NOTE
Action Cataloguing:
Time/date of action 20260702
Action agent gtanuigtanui
650 #0 - SUBJECT ADDED ENTRY--TOPICAL TERM
Topical term or geographic name as entry element Christian teenagers
General subdivision Religious life.
650 #0 - SUBJECT ADDED ENTRY--TOPICAL TERM
Topical term or geographic name as entry element Popular culture
General subdivision Religious aspects
-- Christianity.
650 #0 - SUBJECT ADDED ENTRY--TOPICAL TERM
Topical term or geographic name as entry element Parent and teenager
General subdivision Religious aspects
-- Christianity.
856 41 - ELECTRONIC LOCATION AND ACCESS
Materials specified Table of contents only
Uniform Resource Identifier <a href="http://www.loc.gov/catdir/toc/ecip061/2005028721.html">http://www.loc.gov/catdir/toc/ecip061/2005028721.html</a>
906 ## - LOCAL DATA ELEMENT F, LDF (RLIN)
a 7
b cbc
c orignew
d 1
e ecip
f 20
g y-gencatlg
942 ## - ADDED ENTRY ELEMENTS (KOHA)
Source of classification or shelving scheme Library of Congress Classification
Koha item type General Collection
Holdings
Withdrawn status Lost status Source of classification or shelving scheme Not for loan Home library Current library Shelving location Date acquired Source of acquisition Inventory number Total Checkouts Full call number Barcode Date last seen Copy number Price effective from Koha item type
    Library of Congress Classification   Kabarak, Main Campus Kabarak, Main Campus General Stacks 02/07/2026 Donation 2026/4410   BV4531.3 .M84 2006 C.1 37959 02/07/2026 C.1 02/07/2026 General Collection